00813cam a2200229 a 4500001000400000003001000004005001700014008004100031020001800072040002500090080002400115100002200139245016200161260003800323300002700361504002500388650004500413650004900458650003500507700002100542700002000563147BR-CuiBMT20231116043254.0230821s2023 mgba 000 0 por d a9786555184600 aBR-CuiBMTcBR-CuiBMT 22007a658:502.131.11 aGalindo, Fábio 10aFundamentos do ESG :bgeração de valor para os negócios e para o mundo /cFábio Galindo, Marcelo Zenkner, Yoon Jung Kim ; Rodrigo Caetano prefácio. aBelo Horizonte :bFórum,c2023. a322 p. :bil. ;c22 cm aInclui bibliografia. aGovernança públicaxSustentabilidade aGovernança corporativaxPráticas sociais aCréditos de carbonoxMercado1 aZenkner, Marcelo1 aKim, Yoon Jung